| 000 | 01537cam a22003614a 4500 | ||
|---|---|---|---|
| 999 |
_c126286 _d126286 |
||
| 001 | 14383105 | ||
| 003 | ARRUPE | ||
| 005 | 20170316093429.0 | ||
| 008 | 060519s2007 pauab b 001 0 eng | ||
| 010 | _a 2006042182 | ||
| 015 |
_aGBA672278 _2bnb |
||
| 016 | 7 |
_a013537186 _2Uk |
|
| 020 | _a0812239644 (alk. paper) | ||
| 020 | _a9780812239645 (alk. paper) | ||
| 035 | _a(OCoLC)ocm70054324 | ||
| 040 |
_aDLC _cDLC _dBAKER _dBTCTA _dC#P _dYDXCP _dYUS _dCOO _dUKM _dPUL _dDLC |
||
| 042 | _apcc | ||
| 043 | _af-ke--- | ||
| 050 | 0 | 0 |
_aBL2480.S237 _bS77 2007 |
| 082 | 0 | 0 |
_a299.6/85 _222 |
| 100 | 1 |
_aStraight, Bilinda, _d1964- _929377 |
|
| 245 | 1 | 0 |
_aMiracles and extraordinary experience in northern Kenya / _cBilinda Straight. |
| 260 |
_aPhiladelphia : _bUniversity of Pennsylvania Press, _cc2007. |
||
| 300 |
_axiii, 275 p. : _bill., maps ; _c24 cm. |
||
| 440 | 0 |
_aContemporary ethnography _929378 |
|
| 504 | _aIncludes bibliographical references (p. [253]-269) and index. | ||
| 650 | 0 |
_aSamburu (African people) _xReligion. _929379 |
|
| 650 | 0 |
_aMiracles _zKenya _zSamburu District. _929380 |
|
| 650 | 0 |
_aDeath _xReligious aspects. _929381 |
|
| 650 | 0 |
_aResurrection. _929382 |
|
| 906 |
_a7 _bcbc _corignew _d1 _eocip _f20 _gy-gencatlg |
||
| 942 |
_2lcc _cMONOGRAPH |
||